Ensayo bibliográfico sobre el movimiento obrero hondureño /
En el documento se presenta un estudio sobre el movimiento obrero en Honduras .
Enregistré dans:
| Auteur principal: | |
|---|---|
| Format: | Texte |
| Langue: | Spanish |
| Publié: |
s.l.:
s.e.
|
| Sujets: | |
| Tags: |
Ajouter un tag
Pas de tags, Soyez le premier à ajouter un tag!
|
MARC
| LEADER | 00000 a a2200000 04500 | ||
|---|---|---|---|
| 001 | 22746 | ||
| 003 | cru CRAI/IIS | ||
| 005 | 20220615113302.0 | ||
| 008 | 210505b |||||||| |||| 00| 0 spa d | ||
| 040 | |c cru CRAI/IIS | ||
| 090 | |a 05.03.07 P855e | ||
| 100 | 1 | |a Posas Amador, Mario | |
| 245 | 1 | |a Ensayo bibliográfico sobre el movimiento obrero hondureño / |c Mario Posas Amador | |
| 260 | |a s.l.: |b s.e. | ||
| 300 | |a 13 p. | ||
| 500 | |a Colección Centroamérica | ||
| 520 | |a En el documento se presenta un estudio sobre el movimiento obrero en Honduras . | ||
| 650 | 0 | |9 4 |a MOVIMIENTOS OBREROS | |
| 650 | 0 | |9 4182 |a ENSAYO | |
| 651 | 4 | |9 2652 |a HONDURAS | |
| 942 | |2 ddc |c LI | ||
| 999 | |c 14919 |d 14919 | ||
